000 01312nam a2200253Ia 4500
999 _c40682
_d40682
001 7317
003 GE_BSU
005 20210630132345.0
008 181216s1995||||ge |||||||||||||| ||geo||
040 _cGE_BSU
041 _ageo
080 _a910.4(479.22)+910.4(560)+94(=353.1(560) ყ-19
100 _aყაზბეგი, გიორგი
_912164
245 _aსამი თვე თურქეთის საქართველოში :
_b[მოგზაურის ჩანაწერები] /
_cგიორგი ყაზბეგი; თარგმ.: რამაზ სურმანიძე და მამია ხარაზი; რედ.: ჯემალ ხოფერია.
264 _aბათუმი :
_bაჭარა,
_c1995.
300 _a185 გვ.:
_bილ.,
_c20 სმ.
501 _aსაძიებელი გვ.166-185
653 _aმოგზაურობა აჭარაში.
653 _aმოგზაურობა თურქეთში.
653 _aქართველები თურქეთში.
700 _aსურმანიძე, რამაზ
_eმთარგმნელი
_912165
700 _aხარაზი, მამია
_eმთარგმნელი
_95066
942 _cBK
_2udc